000 00880nam a2200193Ii 4500
003 JO-AjNU
008 230605s9999||||xx |||||||||||||| ||und||
040 _aJO-AjNU
_bara
_erda
_cJO-AjNU
041 _aara
050 1 4 _aHB853.J6.D73.2011
100 3 _a الأردن، المجلس الأعلى للسكان,
_eauthor
_946174
245 0 0 _aدراسة الجدوى الاقتصادية من شمول وسائل تنظيم الأسرة ضمن برامج التأمين الصحي في مؤسسات القطاعين العام والخاص
264 3 1 _aعمان: المجلس الاعلى للسكان، 2011
300 _a42ص
336 _atext
_btxt
_2rdacontent
337 _aunmediated
_bn
_2rdamedia
338 _avolume
_bnc
_2rdacarrier
650 4 _aتنظيم الأسرة -- تنظيم النسل -- التأمين الصحي -- الاردن -- السكان
_946175
999 _aA20068
_c23636
_d23636